Normal view
MARC view
Entry Personal Name
001 - CONTROL NUMBER
- control field: 72034
003 - CONTROL NUMBER IDENTIFIER
- control field: OSt
005 - DATE AND TIME OF LATEST TRANSACTION
- control field: 20180415132352.0
008 - FIXED-LENGTH DATA ELEMENTS
- fixed length control field: 180415|| aca||aabn | a|a d
040 ## - CATALOGING SOURCE
- Original cataloging agency: OSt
- Transcribing agency: OSt
100 ## - HEADING--PERSONAL NAME
- Personal name: नरेन्द्र मोदी
670 ## - SOURCE DATA FOUND
- Source citation: Work cat.: (OSt): नरेन्द्र मोदी , प्रेमतीर्थ, 2014









